| 000 | 01161nam0a22002891 4500 | ||
|---|---|---|---|
| 001 | RU\INFOCOMM_322\NLR\5000088245 | ||
| 005 | 20250613103011.0 | ||
| 035 | _a(NLR Aleph) 009454869 | ||
| 090 |
_a8429302 _c8429302 |
||
| 100 | _a20121205d1973 |||y0rusy50 ca | ||
| 101 | 0 | _aeng | |
| 102 | _aRU | ||
| 105 | _ay z ||||| | ||
| 200 | 1 |
_aState scientific and technical information system in the USSR _f[By] Dr. O. V. Kedrovskij ... _gU. S. S. R. - U. S. Symposium on sci. and techn. inform., Moscow, June 1973 |
|
| 210 |
_a[M. _d1973] |
||
| 215 |
_a12 с. _cсхем. _d26 см |
||
| 300 | _aВ вып. дан.: О. В. Кедровский. Государственная система научно-технической информации в СССР | ||
| 606 |
_aИнформация научная _yСССР _91187198 _3RU\NLR\AUTH\66478587 |
||
| 620 | _aМосква | ||
| 686 |
_aЧ234(2)70 _2rubbk |
||
| 700 | 1 |
_aKedrovskij _bO. V. |
|
| 712 | 1 | 2 |
_aUSSR - US Symposium on scientific and technical information _eMoscow _f1973 _4570 |
| 801 | 1 |
_aRU _bNLR _c20121205 |
|
| 801 | 0 |
_aRU _bINFOCOMM _gPSBO |
|
| 852 |
_aNLR _jПр91 Д-8/47 |
||
| 942 | _cBOOK | ||
| 980 | _aNB | ||